Countries That Have No Rivers - Statistics

General Stats
  • This quiz has been taken 41 times
  • The average score is 6 of 9
Answer Stats
Answer % Correct
Nauru
77%
Bahrain
69%
Kiribati
67%
Monaco
67%
Tonga
67%
Tuvalu
67%
Maldives
62%
Marshall Islands
56%
Saudi Arabia
51%
No matching quizzes found
Score Distribution
Percent of People with Each Score
Percentile by Number Answered
Your Score History
You have not taken this quiz